Statistics for The Killers songs

Click here to take the quiz!

General Stats

  • This quiz has been taken 20 times
    (3 since last reset)
  • The average score is 42 of 98

Answer Stats

AlbumSong% Correct
Hot Fuss (2004)Mr. Brightside
100%
Hot Fuss (2004)All These Things That I've Done
67%
Hot Fuss (2004)Andy, You're a Star
67%
Sam's Town (2006)Bling (Confessions of a King)
67%
2007 Christmas SongDon't Shoot Me Santa
67%
Hot Fuss (2004)Everything Will Be Alright
67%
Battle Born (2012)Flesh and Bone
67%
Sam's Town (2006)For Reasons Unknown
67%
Day and Age (2008)Human
67%
Hot Fuss (2004)Jenny Was a Friend of Mine
67%
Day and Age (2008)Joy Ride
67%
Sawdust (2007)Leave the Bourbon on the Shelf
67%
Hot Fuss (2004)Midnight Show
67%
Sam's Town (2006)Read My Mind
67%
Sawdust (2007)Romeo and Juliet
67%
Battle Born (2012)Runaways
67%
Wonderful Wonderful (2017)Run for Cover
67%
Sam's Town (2006)Sam's Town
67%
Direct Hits (2013)Shot at the Night
67%
Hot Fuss (2004)Smile Like You Mean It
67%
Hot Fuss (2004)Somebody Told Me
67%
Day and Age (2008)Spaceman
67%
Wonderful Wonderful (2017)The Man
67%
Sam's Town (2006)This River Is Wild
67%
Sam's Town (2006)Uncle Jonny
67%
Hot Fuss (2004) [Bonus]Under the Gun
67%
Sawdust (2007)Under the Gun
67%
Day and Age (2008) [Bonus]A Crippling Blow
33%
Day and Age (2008)A Dustland Fairytale
33%
2006 Christmas SongA Great Big Sled
33%
Sawdust (2007)All the Pretty Faces
33%
Sam's Town (2006) [Bonus]All the Pretty Faces
33%
Battle Born (2012)A Matter of Time
33%
Battle Born (2012)Battle Born
33%
Hot Fuss (2004)Believe Me Natalie
33%
Battle Born (2012)Be Still
33%
Sam's Town (2006)Bones
33%
2010 Christmas SongBoots
33%
Battle Born (2012) [Bonus]Carry Me Home
33%
Hot Fuss (2004)Change Your Mind
33%
2013 Christmas SongChristmas in L.A.
33%
Sam's Town (2006) [Bonus]Daddy's Eyes
33%
Sawdust (2007)Daddy's Eyes
33%
Battle Born (2012)Deadlines and Commitments
33%
2015 Christmas SongDirt Sledding
33%
Sam's Town (2006)Enterlude
33%
Sam's Town (2006)Exitlude
33%
Day and Age (2008) [Bonus]Forget About What I Said
33%
Battle Born (2012)From Here on Out
33%
Hot Fuss (2004) [Bonus]Get Trashed
33%
Hot Fuss (2004) [Bonus]Glamourous Indie Rock & Roll
33%
Sawdust (2007)Glamourous Indie Rock & Roll
33%
Day and Age (2008)Goodnight, Travel Well
33%
2009 Christmas Song¡Happy Birthday Guadalupe!
33%
Wonderful Wonderful (2017)Have All the Songs Been Written?
33%
Battle Born (2012)Heart of a Girl
33%
Battle Born (2012)Here With Me
33%
2012 Christmas SongI Feel It In My Bones
33%
2016 Christmas SongI'll Be Home for Christmas
33%
2014 Christmas SongJoel the Lump of Coal
33%
2008 Christmas SongJoseph, Better You Than Me
33%
Direct Hits (2013)Just Another Girl
33%
[Single] (2019)Land of the Free
33%
Wonderful Wonderful (2017)Life to Come
33%
Day and Age (2008)Losing Touch
33%
Battle Born (2012)Miss Atomic Bomb
33%
Wonderful Wonderful (2017) [Bonus]Money on Straight
33%
Sawdust (2007)Move Away
33%
Sam's Town (2006)My List
33%
Day and Age (2008)Neon Tiger
33%
Hot Fuss (2004)On Top
33%
Wonderful Wonderful (2017)Out of My Mind
33%
Sam's Town (10th Anniversary Ed.) (2016)Peace of Mind
33%
Battle Born (2012) [Bonus]Prize Fighter
33%
Sawdust (2007)Ruby, Don't Take Your Love to Town
33%
Wonderful Wonderful (2017)Rut
33%
Sawdust (2007)Shadowplay
33%
Sawdust (2007)Show You How
33%
Wonderful Wonderful (2017)Some Kind of Love
33%
Sawdust (2007)Sweet Talk
33%
Hot Fuss (2004) [Bonus]The Ballad of Michael Valentine
33%
Sawdust (2007)The Ballad of Michael Valentine
33%
Wonderful Wonderful (2017)The Calling
33%
2011 Christmas SongThe Cowboy's Christmas Ball
33%
Battle Born (2012)The Rising Tide
33%
Battle Born (2012)The Way It Was
33%
Day and Age (2008)The World We Live In
33%
Day and Age (2008)This Is Your Life
33%
Day and Age (2008) [Bonus]Tidal Wave
33%
Sawdust (2007)Tranquilize
33%
Wonderful Wonderful (2017)Tyson vs Douglas
33%
Sam's Town (2006)When You Were Young
33%
Sam's Town (2006) [Bonus]Where the White Boys Dance
33%
Sawdust (2007)Where the White Boys Dance
33%
Sawdust (2007)Who Let You Go?
33%
Sam's Town (2006)Why Do I Keep Counting?
33%
Wonderful Wonderful (2017)Wonderful Wonderful
33%
Day and Age (2008)I Can't Say
0%

Score Distribution

Percentile by Number Answered

Percent of People with Each Score

Your Score History

You have not taken this quiz since the last reset